000 00450nam a22001697a 4500
005 20251108164058.0
008 250721s1983 xx 000 0 ara d
082 1 4 _a155.35/حسي
100 1 _aجمعه، حسين
245 1 0 _aقضايا الإبداع الفني /
264 1 _aبيروت :
_bدار الاداب،
_c1983.
300 _a183ص
650 1 7 _aعلم النفس
650 1 7 _aالإبتكار
942 _2ddc
_cBK
999 _c3083
_d3083